<?xml version="1.0" encoding="UTF-8"?>
<record
    xmlns:xsi="http://www.w3.org/2001/XMLSchema-instance"
    xsi:schemaLocation="http://www.loc.gov/MARC21/slim http://www.loc.gov/standards/marcxml/schema/MARC21slim.xsd"
    xmlns="http://www.loc.gov/MARC21/slim">

  <leader>00667nam a2200241 a 4500</leader>
  <controlfield tag="001">79918</controlfield>
  <controlfield tag="003">BD-RjUL</controlfield>
  <controlfield tag="005">20230920104809.0</controlfield>
  <controlfield tag="008">220606s2012    ii ||||| |||| 00| 0 eng d</controlfield>
  <datafield tag="020" ind1=" " ind2=" ">
    <subfield code="a">9789381421062</subfield>
  </datafield>
  <datafield tag="035" ind1=" " ind2=" ">
    <subfield code="a">(BD-RjUL)79918</subfield>
  </datafield>
  <datafield tag="040" ind1=" " ind2=" ">
    <subfield code="a">BD-RjUL</subfield>
    <subfield code="b">eng</subfield>
    <subfield code="c">BD-RjUL</subfield>
  </datafield>
  <datafield tag="041" ind1=" " ind2=" ">
    <subfield code="a">eng</subfield>
  </datafield>
  <datafield tag="082" ind1=" " ind2=" ">
    <subfield code="2">23</subfield>
    <subfield code="a">616.89</subfield>
    <subfield code="b">SIC 2012</subfield>
  </datafield>
  <datafield tag="100" ind1=" " ind2=" ">
    <subfield code="a">Singh, S.N. </subfield>
    <subfield code="9">3434</subfield>
  </datafield>
  <datafield tag="245" ind1=" " ind2=" ">
    <subfield code="a">Clinical psychology / </subfield>
    <subfield code="c">S.N. Singh.</subfield>
  </datafield>
  <datafield tag="260" ind1=" " ind2=" ">
    <subfield code="a">New Delhi :</subfield>
    <subfield code="b">Random Publications, </subfield>
    <subfield code="c">2012</subfield>
  </datafield>
  <datafield tag="300" ind1=" " ind2=" ">
    <subfield code="a">264 p. :</subfield>
    <subfield code="b">ill.;</subfield>
    <subfield code="c">23 cm.</subfield>
  </datafield>
  <datafield tag="504" ind1=" " ind2=" ">
    <subfield code="a">Includes bibliography and index.</subfield>
  </datafield>
  <datafield tag="650" ind1=" " ind2=" ">
    <subfield code="a">Clinical psychology</subfield>
    <subfield code="9">3435</subfield>
  </datafield>
  <datafield tag="650" ind1=" " ind2=" ">
    <subfield code="a">Psychotherapy.</subfield>
    <subfield code="9">2541</subfield>
  </datafield>
  <datafield tag="942" ind1=" " ind2=" ">
    <subfield code="2">ddc</subfield>
    <subfield code="c">BK</subfield>
  </datafield>
  <datafield tag="999" ind1=" " ind2=" ">
    <subfield code="c">79918</subfield>
    <subfield code="d">79918</subfield>
  </datafield>
  <datafield tag="952" ind1=" " ind2=" ">
    <subfield code="0">0</subfield>
    <subfield code="1">0</subfield>
    <subfield code="2">ddc</subfield>
    <subfield code="4">0</subfield>
    <subfield code="7">1</subfield>
    <subfield code="8">NFIC</subfield>
    <subfield code="a">RUCL</subfield>
    <subfield code="b">RUCL</subfield>
    <subfield code="c">Reading</subfield>
    <subfield code="d">2022-05-30</subfield>
    <subfield code="e">Dhaka : Paragon Enter.</subfield>
    <subfield code="g">1272.00</subfield>
    <subfield code="l">0</subfield>
    <subfield code="o">616.89 SIC 2012</subfield>
    <subfield code="r">2022-06-06 00:00:00</subfield>
    <subfield code="t">C-1</subfield>
    <subfield code="w">2022-06-06</subfield>
    <subfield code="y">BK</subfield>
  </datafield>
  <datafield tag="952" ind1=" " ind2=" ">
    <subfield code="0">0</subfield>
    <subfield code="1">0</subfield>
    <subfield code="2">ddc</subfield>
    <subfield code="4">0</subfield>
    <subfield code="7">0</subfield>
    <subfield code="8">NFIC</subfield>
    <subfield code="a">RUCL</subfield>
    <subfield code="b">RUCL</subfield>
    <subfield code="c">GEN</subfield>
    <subfield code="d">2022-05-30</subfield>
    <subfield code="e">Dhaka : Paragon Enter.</subfield>
    <subfield code="g">1272.00</subfield>
    <subfield code="l">0</subfield>
    <subfield code="o">616.89 SIC 2012</subfield>
    <subfield code="r">2022-06-06 00:00:00</subfield>
    <subfield code="t">C-2</subfield>
    <subfield code="w">2022-06-06</subfield>
    <subfield code="y">BK</subfield>
  </datafield>
  <datafield tag="952" ind1=" " ind2=" ">
    <subfield code="0">0</subfield>
    <subfield code="1">0</subfield>
    <subfield code="2">ddc</subfield>
    <subfield code="4">0</subfield>
    <subfield code="7">0</subfield>
    <subfield code="8">NFIC</subfield>
    <subfield code="a">RUCL</subfield>
    <subfield code="b">RUCL</subfield>
    <subfield code="c">GEN</subfield>
    <subfield code="d">2022-05-30</subfield>
    <subfield code="e">Dhaka : Paragon Enter.</subfield>
    <subfield code="g">1272.00</subfield>
    <subfield code="l">0</subfield>
    <subfield code="o">616.89 SIC 2012</subfield>
    <subfield code="r">2022-06-06 00:00:00</subfield>
    <subfield code="t">C-3</subfield>
    <subfield code="w">2022-06-06</subfield>
    <subfield code="y">BK</subfield>
  </datafield>
  <datafield tag="952" ind1=" " ind2=" ">
    <subfield code="0">0</subfield>
    <subfield code="1">0</subfield>
    <subfield code="2">ddc</subfield>
    <subfield code="4">0</subfield>
    <subfield code="7">0</subfield>
    <subfield code="8">NFIC</subfield>
    <subfield code="a">RUCL</subfield>
    <subfield code="b">RUCL</subfield>
    <subfield code="c">GEN</subfield>
    <subfield code="d">2023-08-09</subfield>
    <subfield code="e">Dhaka : BM Book</subfield>
    <subfield code="g">1066.00</subfield>
    <subfield code="l">0</subfield>
    <subfield code="o">616.89 SIC 2012</subfield>
    <subfield code="r">2023-09-20 00:00:00</subfield>
    <subfield code="t">C-4</subfield>
    <subfield code="w">2023-09-20</subfield>
    <subfield code="y">BK</subfield>
  </datafield>
  <datafield tag="952" ind1=" " ind2=" ">
    <subfield code="0">0</subfield>
    <subfield code="1">0</subfield>
    <subfield code="2">ddc</subfield>
    <subfield code="4">0</subfield>
    <subfield code="7">0</subfield>
    <subfield code="8">NFIC</subfield>
    <subfield code="a">RUCL</subfield>
    <subfield code="b">RUCL</subfield>
    <subfield code="c">GEN</subfield>
    <subfield code="d">2023-08-09</subfield>
    <subfield code="e">Dhaka : BM Book</subfield>
    <subfield code="g">1066.00</subfield>
    <subfield code="l">0</subfield>
    <subfield code="o">616.89 SIC 2012</subfield>
    <subfield code="r">2023-09-20 00:00:00</subfield>
    <subfield code="t">C-5</subfield>
    <subfield code="w">2023-09-20</subfield>
    <subfield code="y">BK</subfield>
  </datafield>
</record>
